LEADER 01062nam a2200241 i 4500 001 000000074402 003 CaOOAMICUS 005 20070516000000.0 008 070516s1955 it u000 u ita u 013 $a45574 040 $aSeMil$bita 100 1 $aBiagini, Mario.$0(OLS)http://semarc/name/36855 245 13$aIl Poeta solitario :$bvita di Giovanni Pascoli /$cM. Biagini. 260 $aMilano :$bCorticelli,$ccopyr. 1955. 300 $aIV, 510 p., [42] p. di tav. ;$c24 cm. 490 0 $aSirio. Biografie e ritratti ;$v3 500 $aContiene : Bibliografia. - In mezzo al front : Con quarantadue fotografie fuori testo. 600 14$aPascoli, Giovanni <1855-1912>.$0(OLS)http://semarc/subject/3013 830 0$aSirio. Biografie e ritratti ;$v3.$0(OLS)http://semarc/title/20823 850 $aSeMil 852 $aSeMil$W1$xVenegono$y1$m1C IV 35$j40554$B40554$CSeMilBibl$Z2$F40558 $81 996 $6245$aIl Poeta solitario :$bvita di Giovanni Pascoli$9(OLS)http://semarc/title/120696 996 $6260$aMilano :$bCorticelli$9(OLS)http://semarc/publisher/33187 LEADER 00887nam a2200217 i 4500 001 000000088075 003 CaOOAMICUS 005 20040512000000.0 008 040512s1971 xx u000 u und u 013 $a60315 040 $aSeMil$bita 100 1 $aMasi, Giuseppe,$d<1915-2007>.$0(OLS)http://semarc/name/35283 245 10$aDisperazione e speranza. Saggio sulle categorie Kierkegaardiane. 260 $aPadova :$bGregoriana,$c1971. 300 $a208 p. 600 14$aKierkegaard, Søren <1813-1855>.$0(OLS)http://semarc/subject/1182 650 4$aSperanza.$0(OLS)http://semarc/subject/7859 850 $aSeMil 852 $aSeMil$W1$xVenegono$y1$m115 1 19 *$j51442$B51442$CSeMilBibl$Z2$F55674 $81 996 $6245$aDisperazione e speranza. Saggio sulle categorie Kierkegaardiane$9(OLS)http://semarc/title/134018 996 $6260$aPadova :$bGregoriana$9(OLS)http://semarc/publisher/31482